Schlag den Star - Wer ist das? (1) - Statistiken

Allgemein
  • Dieses Quiz wurde 349 mal gespielt
  • Das Durchschnittsergebnis liegt bei 39 aus 100
Antwortstatistiken
Bildquiz Antwort % Korrekt
Greta Thunberg
93%
Garfield
89%
Bill Kaulitz
87%
Kai Pflaume
85%
Schlumpfine
85%
Harry Kane
83%
Drake
80%
Elton John
80%
Karl Lauterbach
78%
Sami Khedira
78%
Horst Lichter
76%
Nina Chuba
75%
Barbie
73%
Jeff Bezos
73%
Nelson Mandela
73%
Peter Lustig
73%
Daniel Aminati
70%
Martin Luther
70%
Wladimir Klitschko
68%
Niclas Füllkrug
65%
Claudia Roth
64%
Julien Bam
64%
Karla Kolumna
63%
Bernhard Hoëcker
62%
Alexandra Popp
61%
Peter Fox
59%
Guido Maria Kretschmer
58%
Alisha Lehmann
53%
Sabrina Carpenter
53%
Frauke Ludowig
51%
Martin Rütter
51%
Ralf Rangnick
51%
Walter Frosch
51%
Akinator
50%
Margot Robbie
49%
Susanne Daubner
49%
Klaus Kinski
46%
Claudia Obert
45%
Tommi Schmitt
45%
Daniel Craig
44%
Marie Curie
44%
Mila Kunis
44%
Kurt Cobain
40%
Steffi Graf
40%
Julia Klöckner
39%
Natalie Portman
39%
Gwen Stefani
37%
Timothée Chalamet
37%
Dolly Parton
36%
Jella Haase
36%
Meryl Streep
36%
George Michael
35%
Rudi Cerne
35%
Shania Geiss
35%
Maleficent
31%
Jochen Schweizer
30%
Detlef Steves
29%
Helena Bonham Carter
28%
Saskia Esken
28%
Leonardo da Vinci
27%
Santiago Ziesmer
27%
Christoph Kolumbus
26%
Romy Schneider
26%
Tim Cook
24%
Travis Kelce
23%
Iris Klein
22%
Marianne Rosenberg
22%
Tamme Hanken
22%
Anna Wintour
21%
Kim Virginia
21%
Sven Ottke
21%
Heino Ferch
20%
Damian Hardung
19%
Sebastian Fitzek
19%
Lisa Feller
18%
Samuel Koch
18%
Wilhelm Tell
17%
Lily-Rose Depp
16%
Sally Özcan
16%
Senna Gammour
16%
Jacob Elordi
15%
James Cameron
14%
Julius Weckauf
13%
Theodor Heuss
13%
Jill Biden
12%
MalalaYousafzai
10%
Ashley Benson
9%
Billy Joel
9%
Hans Christian Andersen
6%
Marie Kondo
6%
Uta Schorn
6%
Justin Baldoni
5%
Marco Polo
5%
Freya Ridings
4%
Johannes Gutenberg
4%
Judy Winter
4%
Paula Lampert
4%
Christian Dior
3%
Samantha Fox
3%
Tino Sorge
2%
Keine übereinstimmenden Quizze gefunden
Verteilung der Resultate
Anzahl Personen mit jedem Resultat
Perzentil nach korrekt beantworteten Fragen
Ihre Resultats-Entwicklung
Sie haben dieses Quiz noch nicht gespielt